Statistiche per Riconosci il Trasferimento - Quiz n°20

Clicka qui per fare il quiz!

Statistiche generali

  • Questo quiz è stato fatto 146 volte
  • Il punteggio medio è 11 su 20

Statistiche sulle risposte

RuoloNazioneTrasferimentiCalciatore% Corretto
AttaccanteEgittoAl-Mokawloon 2010 - Basilea 2012 - Chelsea 2014 - Fiorentina 2015 - Roma 2015 - Liverpool 2017Mohamed Salah
100%
CentrocampistaInghilterraBirmingham 2019 - Borussia Dortmund 2020Jude Bellingham
93%
AttaccanteArgentinaRiver Plate 2009 - Roma 2011 - Tottenham 2013 - Siviglia 2021Erik Lamela
81%
DifensorePaesi BassiChelsea 2012 - Reading 2015 - Watford 2015 - Bournemouth 2016 - Manchester City 2020Nathan Aké
79%
AttaccanteGermaniaStoccarda 2013 - Red Bull Lipsia 2016 - Chelsea 2020 - Red Bull Lispia 2022Timo Werner
77%
DifensoreDanimarcaMidtjylland 2007 - Palermo 2008 - Wolfsburg 2010 - Roma 2011 - Wolfsburg 2012 - Lilla 2013 - Fenerbahçe 2015 - Siviglia 2017 - Atalanta 2019 - Milan 2020Simon Kjær
76%
CentrocampistaBrasileGrêmio 2015 - Barcellona 2018 - Juventus 2020 - Liverpool 2022Arthur Melo
71%
AttaccanteArgentinaEstudiantes Buenos Aires 2003 - Genoa 2004 - San Lorenzo 2004 - Napoli 2007 - Paris Saint-Germain 2012 - Hebei CFFC 2016Ezequiel Lavezzi
70%
DifensoreItaliaInter 2008 - Cesena 2011 - Newcastle Utd 2011 - Inter 2015 - Roma 2018Davide Santon
57%
CentrocampistaFrancia / GabonLorient 2012 - Olympique Marsiglia 2013 - Juventus 2015 - Southamtpon 2017 - Galatasaray 2019 - Fulham 2020 - Nizza 2021 - Wolverhampton 2023Mario Lemina
53%
DifensoreCroaziaDinamo Croazia 2005 - Inter Zaprešić 2006 - Dinamo Zagabria 2008 - Olympique Lione 2010 - Southampton 2013 - Liverpool 2014 - Zenit San Pietroburgo 2020 - Olympique Lione 2023Dejan Lovren
48%
AttaccanteFrancia / SenegalCaen 2 2010 - Caen 2011 - Milan 2012 - Montepellier 2014 - Milan 2014 - Genoa 2015 - Milan 2015 - Watford 2017 - Torino 2017 - Rennes 2018 - Al-Ahli 2021 - Bordeaux 2021 - Auxerre 2022M'Baye Niang
48%
AttaccantePortogalloBenfica 2014 - Paris Saint-Germain 2017 - Valencia 2017 - Wolverhampton 2022 - Benfica 2023Gonçalo Guedes
41%
Difensore / CentrocampistaInghilterraSporting Lisbona 2012 - Tottenham 2014Eric Dier
40%
Attaccante / AlaNigeriaManchester City 2015 - Leicester City 2017Kelechi Iheanacho
35%
AttaccanteStati UnitiBayer Leverkusen II 1999 - S.J. Earthquakes 2001 - Bayer Leverkusen 2005 - Los Angeles Galaxy 2005 - Bayern Monaco 2009 - Los Angeles Galaxy 2009 - Everton 2010 - Los Angeles Galaxy 2010 - Everton 2012 - Los Angeles Galaxy 2012 - Los Angeles Galaxy 2016 -Landon Donovan
35%
CentrocampistaItaliaOlbia 1996 - Hellas Verona 1997 - Lumezzane 1998 - Hellas Verona 1999 - Lumezzane 1999 - Torres 2002 - Hellas Verona 2002 - Cagliari 2005 - Hellas Verona 2006 - Cagliari 2008 - Olbia 2015 - Cagliari 2017Andrea Cossu
18%
Centrocampista / AttaccanteSpagnaOsasuna B 2004 - Osasuna 2004 - Atletico Madrid 2007 - Osasuna 2011 - Atletico Madrid 2012 - Athletic Blbao 2015Raúl García
18%
Centrocampista / AttaccanteFranciaOlympique Lione 2004 - Olympique Marsiglia 2008 - Newcastle Utd 2010 - Hull City 2014 - Nizza 2015 - Paris Saint-Germain 2016 - Rennes 2018 - Real Valladolid 2020 - Bordeaux 2020 - Lilla 2022Hatem Ben Arfa
14%
AttaccanteSpagnaLas Palmas Atletico 2008 - Las Palmas 2010 - Siviglia 2013 - Las Palmas 2017 - Atletico Madrid 2018 - Getafe 2021 - Las Palmas 2022Vitolo
8%

Distribuzione punteggi

Percentile per numero di risposta

Percentuale di utenti per punteggio

I tuoi punteggi nel tempo

Non hai fatto questo quiz